[Event "Grand Swiss "]
[Date "2025.09.09"]
[White "Artemiev, Vladislav"]
[Black "Aryan Chopra"]
[WhiteElo "2664"]
[BlackElo "2619"]
[Round "6.6.40"]
[Result "1/2-1/2"]

1. c4 {[%clk 01:40:47] [%emt 00:00:12]} e5 {[%clk 01:40:55] [%emt 00:00:06]} 2.
d3 {[%clk 01:30:54] [%emt 00:10:23]} Nf6 {[%clk 01:40:52] [%emt 00:00:33]} 3.
Nf3 {[%clk 01:29:27] [%emt 00:01:56]} Nc6 {[%clk 01:41:09] [%emt 00:00:13]} 4.
g3 {[%clk 01:24:58] [%emt 00:04:59]} d5 {[%clk 01:39:49] [%emt 00:01:51]} 5.
cxd5 {[%clk 01:25:04] [%emt 00:00:25]} Nxd5 {[%clk 01:40:12] [%emt 00:00:06]} 6.
Nc3 {[%clk 01:24:21] [%emt 00:01:12]} Be7 {[%clk 01:34:52] [%emt 00:05:51]} 7.
Nxd5 {[%clk 01:21:07] [%emt 00:03:43]} Qxd5 {[%clk 01:35:15] [%emt 00:00:07]} 8.
Bg2 {[%clk 01:21:29] [%emt 00:00:08]} O-O {[%clk 01:30:58] [%emt 00:04:47]} 9.
O-O {[%clk 01:17:00] [%emt 00:04:59]} Qd6 {[%clk 01:31:24] [%emt 00:00:04]} 10.
Bd2 {[%clk 00:55:45] [%emt 00:21:45]} a5 {[%clk 01:27:26] [%emt 00:04:29]} 11.
Qa4 {[%clk 00:46:39] [%emt 00:09:36]} Bd7 {[%clk 01:15:20] [%emt 00:12:36]} 12.
Rfc1 {[%clk 00:42:35] [%emt 00:04:34]} Rfe8 {[%clk 00:56:49] [%emt 00:19:01]}
13. Qd1 {[%clk 00:33:13] [%emt 00:09:51]} a4 {[%clk 00:48:54] [%emt 00:08:25]}
14. Be3 {[%clk 00:26:51] [%emt 00:06:53]} Be6 {[%clk 00:40:46] [%emt 00:08:38]}
15. Bc5 {[%clk 00:17:57] [%emt 00:09:24]} Qd7 {[%clk 00:41:05] [%emt 00:00:12]}
16. Bxe7 {[%clk 00:11:32] [%emt 00:06:55]} Rxe7 {[%clk 00:41:29] [%emt
00:00:05]} 17. Ng5 {[%clk 00:01:55] [%emt 00:10:07]} Bd5 {[%clk 00:41:21] [%emt
00:00:38]} 18. Ne4 {[%clk 00:00:50] [%emt 00:01:35]} b6 {[%clk 00:40:09] [%emt
00:01:42]} 19. e3 {[%clk 00:00:56] [%emt 00:00:24]} a3 {[%clk 00:31:40] [%emt
00:09:00]} 20. bxa3 {[%clk 00:01:01] [%emt 00:00:25]} Rxa3 {[%clk 00:32:04]
[%emt 00:00:05]} 21. Rc3 {[%clk 00:00:53] [%emt 00:00:39]} Rxc3 {[%clk 00:18:03]
[%emt 00:14:31]} 22. Nxc3 {[%clk 00:01:19] [%emt 00:00:04]} Bxg2 {[%clk
00:18:28] [%emt 00:00:05]} 23. Kxg2 {[%clk 00:01:46] [%emt 00:00:03]} Re6 {[%clk
00:18:46] [%emt 00:00:12]} 24. Qa4 {[%clk 00:01:40] [%emt 00:00:36]} h6 {[%clk
00:19:11] [%emt 00:00:05]} 25. Rd1 {[%clk 00:01:25] [%emt 00:00:45]} Rd6 {[%clk
00:19:33] [%emt 00:00:08]} 26. Ne4 {[%clk 00:01:13] [%emt 00:00:42]} Rd5 {[%clk
00:19:55] [%emt 00:00:08]} 27. Rc1 {[%clk 00:00:56] [%emt 00:00:48]} Na5 {[%clk
00:20:08] [%emt 00:00:16]} 28. Qxd7 {[%clk 00:01:10] [%emt 00:00:16]} Rxd7
{[%clk 00:20:34] [%emt 00:00:04]} 29. g4 {[%clk 00:01:30] [%emt 00:00:10]} Kf8
{[%clk 00:19:44] [%emt 00:01:20]} 30. Kf3 {[%clk 00:01:24] [%emt 00:00:36]} Ke7
{[%clk 00:19:57] [%emt 00:00:17]} 31. h4 {[%clk 00:00:52] [%emt 00:01:02]} g6
{[%clk 00:16:25] [%emt 00:04:01]} 32. g5 {[%clk 00:01:02] [%emt 00:00:20]} hxg5
{[%clk 00:16:51] [%emt 00:00:04]} 33. hxg5 {[%clk 00:01:30] [%emt 00:00:03]} Kd8
{[%clk 00:17:16] [%emt 00:00:05]} 34. Ke2 {[%clk 00:00:37] [%emt 00:01:23]} Rd5
{[%clk 00:17:41] [%emt 00:00:04]} 35. Rh1 {[%clk 00:00:33] [%emt 00:00:34]} Ke7
{[%clk 00:14:35] [%emt 00:03:37]} 36. Rh8 {[%clk 00:00:33] [%emt 00:00:30]} Rd8
{[%clk 00:14:24] [%emt 00:00:41]} 37. Rh1 {[%clk 00:00:44] [%emt 00:00:19]} Nb7
{[%clk 00:12:19] [%emt 00:02:35]} 38. Rc1 {[%clk 00:01:07] [%emt 00:00:07]} Kd7
{[%clk 00:12:45] [%emt 00:00:04]} 39. Nf6+ {[%clk 00:01:12] [%emt 00:00:26]} Kd6
{[%clk 00:13:10] [%emt 00:00:05]} 40. Ne4+ {[%clk 00:01:22] [%emt 00:00:20]} Kd7
{[%clk 00:13:35] [%emt 00:00:05]} 41. Nf6+ {[%clk 00:41:02] [%emt 00:10:49]} Kd6
{[%clk 01:03:24] [%emt 00:00:41]} 42. Ne4+ {[%clk 00:32:48] [%emt 00:08:43]}
1/2-1/2

[Site "Europe Echecs"]

[Event "Grand Swiss "]
[Date "2025.09.09"]
[White "Wojtaszek, Radoslaw"]
[Black "Korobov, Anton"]
[WhiteElo "2661"]
[BlackElo "2616"]
[Round "6.6.41"]
[Result "0-1"]

1. d4 {[%clk 01:40:58]} d5 {[%clk 01:40:44] [%emt 00:00:17]} 2. c4 {[%clk
01:41:23] [%emt 00:00:05]} c6 {[%clk 01:41:09] [%emt 00:00:05]} 3. Nf3 {[%clk
01:41:48] [%emt 00:00:05]} Nf6 {[%clk 01:41:32] [%emt 00:00:05]} 4. Nc3 {[%clk
01:42:11] [%emt 00:00:08]} dxc4 {[%clk 01:41:38] [%emt 00:00:24]} 5. a4 {[%clk
01:42:32] [%emt 00:00:09]} Bf5 {[%clk 01:41:54] [%emt 00:00:14]} 6. Ne5 {[%clk
01:42:29] [%emt 00:00:34]} Nbd7 {[%clk 01:37:35] [%emt 00:04:49]} 7. Nxc4 {[%clk
01:42:50] [%emt 00:00:09]} Nb6 {[%clk 01:38:00] [%emt 00:00:05]} 8. e3 {[%clk
01:42:07] [%emt 00:01:13]} g6 {[%clk 01:31:05] [%emt 00:07:25]} 9. a5 {[%clk
01:36:20] [%emt 00:06:17]} Nxc4 {[%clk 01:30:56] [%emt 00:00:39]} 10. Bxc4
{[%clk 01:36:47] [%emt 00:00:03]} Bg7 {[%clk 01:31:20] [%emt 00:00:06]} 11. f3
{[%clk 01:35:24] [%emt 00:01:54]} e5 {[%clk 01:04:21] [%emt 00:27:30]} 12. dxe5
{[%clk 01:31:25] [%emt 00:04:30]} Nd7 {[%clk 00:57:49] [%emt 00:07:01]} 13. f4
{[%clk 01:05:05] [%emt 00:26:50]} Bxe5 {[%clk 00:57:22] [%emt 00:00:56]} 14. O-O
{[%clk 01:05:30] [%emt 00:00:06]} Bxc3 {[%clk 00:57:02] [%emt 00:00:50]} 15.
bxc3 {[%clk 01:05:55] [%emt 00:00:05]} Qe7 {[%clk 00:50:54] [%emt 00:06:38]} 16.
Ba3 {[%clk 00:45:46] [%emt 00:20:41]} c5 {[%clk 00:48:36] [%emt 00:02:47]} 17.
Bd5 {[%clk 00:46:03] [%emt 00:00:12]} Nf6 {[%clk 00:26:46] [%emt 00:22:21]} 18.
a6 {[%clk 00:36:10] [%emt 00:10:24]} Rd8 {[%clk 00:25:01] [%emt 00:02:14]} 19.
axb7 {[%clk 00:35:24] [%emt 00:01:16]} O-O {[%clk 00:25:13] [%emt 00:00:17]} 20.
c4 {[%clk 00:35:53] [%emt 00:00:03]} Be4 {[%clk 00:22:06] [%emt 00:03:36]} 21.
Qb3 {[%clk 00:33:54] [%emt 00:02:29]} Rb8 {[%clk 00:15:26] [%emt 00:07:10]} 22.
Rad1 {[%clk 00:24:02] [%emt 00:10:22]} Rfe8 {[%clk 00:08:30] [%emt 00:07:27]}
23. Qc3 {[%clk 00:17:49] [%emt 00:06:42]} Bxd5 {[%clk 00:08:09] [%emt 00:00:51]}
24. cxd5 {[%clk 00:18:15] [%emt 00:00:05]} Ne4 {[%clk 00:08:33] [%emt 00:00:06]}
25. Qc2 {[%clk 00:11:45] [%emt 00:07:00]} Qxb7 {[%clk 00:06:25] [%emt 00:02:38]}
26. Rd3 {[%clk 00:12:10] [%emt 00:00:05]} Qa6 {[%clk 00:05:22] [%emt 00:01:33]}
27. Ra1 {[%clk 00:07:15] [%emt 00:05:25]} c4 {[%clk 00:05:25] [%emt 00:00:26]}
28. Rd4 {[%clk 00:07:04] [%emt 00:00:42]} Nd6 {[%clk 00:05:25] [%emt 00:00:29]}
29. Qc1 {[%clk 00:06:16] [%emt 00:01:20]} Nf5 {[%clk 00:05:14] [%emt 00:00:40]}
30. Qxc4 {[%clk 00:05:22] [%emt 00:01:25]} Qf6 {[%clk 00:03:47] [%emt 00:01:56]}
31. Bc5 {[%clk 00:05:29] [%emt 00:00:23]} Nxe3 {[%clk 00:03:55] [%emt 00:00:21]}
32. Qc1 {[%clk 00:04:46] [%emt 00:01:14]} Nxg2 {[%clk 00:02:41] [%emt 00:01:44]}
33. Kxg2 {[%clk 00:03:09] [%emt 00:02:07]} Re2+ {[%clk 00:03:10]} 34. Kf3 {[%clk
00:03:09] [%emt 00:00:30]} Rbe8 {[%clk 00:02:53] [%emt 00:00:46]} 35. Qg1 {[%clk
00:01:35] [%emt 00:02:05]} Qf5 {[%clk 00:02:47] [%emt 00:00:36]} 36. Rdd1 {[%clk
00:01:54] [%emt 00:00:11]} h5 {[%clk 00:01:51] [%emt 00:01:26]} 37. Ra3 {[%clk
00:01:08] [%emt 00:01:16]} Qe4+ {[%clk 00:01:47] [%emt 00:00:34]} 38. Kg3 {[%clk
00:01:33] [%emt 00:00:05]} h4+ {[%clk 00:02:09] [%emt 00:00:08]} 39. Kh3 {[%clk
00:00:44] [%emt 00:01:19]} Qf5+ {[%clk 00:02:37] [%emt 00:00:02]} 40. Kxh4
{[%clk 00:01:05] [%emt 00:00:09]} Qxf4+ {[%clk 00:03:02] [%emt 00:00:05]} 41.
Qg4 {[%clk 00:40:06] [%emt 00:11:29]} Rxh2+ {[%clk 00:45:44] [%emt 00:07:47]}
42. Rh3 {[%clk 00:40:05] [%emt 00:00:31]} Qf6+ {[%clk 00:46:05] [%emt 00:00:09]}
43. Kg3 {[%clk 00:40:30] [%emt 00:00:06]} Qe5+ {[%clk 00:46:29] [%emt 00:00:06]}
44. Kh4 {[%clk 00:38:16] [%emt 00:02:44]} Qh8+ {[%clk 00:46:51] [%emt 00:00:06]}
45. Kg3 {[%clk 00:38:43] [%emt 00:00:04]} Rxh3+ {[%clk 00:47:13] [%emt
00:00:08]} 46. Qxh3 {[%clk 00:39:10] [%emt 00:00:03]} Qc3+ {[%clk 00:47:37]
[%emt 00:00:07]} 47. Kg2 {[%clk 00:39:12] [%emt 00:00:29]} Re2+ {[%clk 00:46:06]
[%emt 00:02:01]} 0-1

[Site "Europe Echecs"]

[Event "Grand Swiss "]
[Date "2025.09.09"]
[White "Grischuk, Alexander"]
[Black "Xu, Xiangyu"]
[WhiteElo "2657"]
[BlackElo "2615"]
[Round "6.6.42"]
[Result "1-0"]

1. e4 {[%clk 01:40:53] [%emt 00:00:05]} e5 {[%clk 01:40:51] [%emt 00:00:10]} 2.
Nf3 {[%clk 01:41:11] [%emt 00:00:13]} Nf6 {[%clk 01:41:12] [%emt 00:00:08]} 3.
d4 {[%clk 01:41:14] [%emt 00:00:27]} exd4 {[%clk 01:41:00] [%emt 00:00:42]} 4.
e5 {[%clk 01:40:31] [%emt 00:01:13]} Ne4 {[%clk 01:41:23] [%emt 00:00:07]} 5.
Qxd4 {[%clk 01:40:44] [%emt 00:00:17]} d5 {[%clk 01:41:47] [%emt 00:00:06]} 6.
exd6 {[%clk 01:41:08] [%emt 00:00:08]} Nxd6 {[%clk 01:42:12] [%emt 00:00:05]} 7.
Nc3 {[%clk 01:41:28] [%emt 00:00:10]} Nc6 {[%clk 01:42:36] [%emt 00:00:06]} 8.
Qa4 {[%clk 01:41:50] [%emt 00:00:08]} Bd7 {[%clk 01:41:33] [%emt 00:01:32]} 9.
Be3 {[%clk 01:41:20] [%emt 00:01:00]} Ne7 {[%clk 00:32:49] [%emt 01:09:14]} 10.
Qh4 {[%clk 01:08:29] [%emt 00:33:21]} Ndf5 {[%clk 00:31:44] [%emt 00:01:35]} 11.
Qe4 {[%clk 01:01:43] [%emt 00:07:16]} Nd6 {[%clk 00:27:46] [%emt 00:04:28]} 12.
Qd3 {[%clk 00:55:39] [%emt 00:06:34]} Bf5 {[%clk 00:26:22] [%emt 00:01:54]} 13.
Qe2 {[%clk 00:48:58] [%emt 00:07:11]} Nc6 {[%clk 00:26:47] [%emt 00:00:06]} 14.
Bg5+ {[%clk 00:41:14] [%emt 00:08:14]} Be7 {[%clk 00:27:12] [%emt 00:00:05]} 15.
Nd5 {[%clk 00:41:39] [%emt 00:00:05]} f6 {[%clk 00:27:09] [%emt 00:00:33]} 16.
Bf4 {[%clk 00:37:50] [%emt 00:04:18]} Kf7 {[%clk 00:27:33] [%emt 00:00:06]} 17.
O-O-O {[%clk 00:36:14] [%emt 00:02:07]} Re8 {[%clk 00:27:59] [%emt 00:00:04]}
18. Nh4 {[%clk 00:35:13] [%emt 00:01:30]} Bf8 {[%clk 00:16:11] [%emt 00:12:18]}
19. Qh5+ {[%clk 00:31:44] [%emt 00:03:58]} Bg6 {[%clk 00:16:36] [%emt 00:00:05]}
20. Nxg6 {[%clk 00:32:07] [%emt 00:00:07]} hxg6 {[%clk 00:17:02] [%emt
00:00:04]} 21. Qh7 {[%clk 00:28:34] [%emt 00:04:03]} Ne5 {[%clk 00:15:48] [%emt
00:01:44]} 22. Bxe5 {[%clk 00:21:46] [%emt 00:07:18]} fxe5 {[%clk 00:16:10]
[%emt 00:00:07]} 23. Qh3 {[%clk 00:11:39] [%emt 00:10:37]} c6 {[%clk 00:14:31]
[%emt 00:02:10]} 24. Ne3 {[%clk 00:11:51] [%emt 00:00:17]} Qf6 {[%clk 00:14:54]
[%emt 00:00:07]} 25. Bc4+ {[%clk 00:05:01] [%emt 00:07:20]} Nxc4 {[%clk
00:15:03] [%emt 00:00:22]} 26. Nxc4 {[%clk 00:05:29] [%emt 00:00:02]} Qf4+
{[%clk 00:14:59] [%emt 00:00:34]} 27. Nd2 {[%clk 00:05:48] [%emt 00:00:11]} Qa4
{[%clk 00:12:12] [%emt 00:03:18]} 28. Kb1 {[%clk 00:04:06] [%emt 00:02:12]} Rad8
{[%clk 00:12:21] [%emt 00:00:20]} 29. Qf3+ {[%clk 00:02:24] [%emt 00:02:12]} Kg8
{[%clk 00:11:01] [%emt 00:01:50]} 30. Ne4 {[%clk 00:02:46] [%emt 00:00:07]} Qc4
{[%clk 00:11:17] [%emt 00:00:15]} 31. Qg4 {[%clk 00:02:35] [%emt 00:00:41]} Qf7
{[%clk 00:11:41] [%emt 00:00:06]} 32. h4 {[%clk 00:00:55] [%emt 00:02:10]} Be7
{[%clk 00:11:20] [%emt 00:00:50]} 33. Rde1 {[%clk 00:01:01] [%emt 00:00:23]} Qf5
{[%clk 00:08:37] [%emt 00:03:13]} 34. Qe2 {[%clk 00:01:28] [%emt 00:00:03]} Rd4
{[%clk 00:09:01] [%emt 00:00:06]} 35. c3 {[%clk 00:01:04] [%emt 00:00:54]} Rd5
{[%clk 00:09:12] [%emt 00:00:20]} 36. h5 {[%clk 00:01:16] [%emt 00:00:17]} Red8
{[%clk 00:09:30] [%emt 00:00:12]} 37. g4 {[%clk 00:01:20] [%emt 00:00:27]} Qf7
{[%clk 00:09:49] [%emt 00:00:11]} 38. hxg6 {[%clk 00:01:01] [%emt 00:00:49]}
Qxg6 {[%clk 00:10:13] [%emt 00:00:05]} 39. a3 {[%clk 00:01:04] [%emt 00:00:27]}
Qe6 {[%clk 00:08:06] [%emt 00:02:37]} 40. Rh3 {[%clk 00:00:50] [%emt 00:00:44]}
Qd7 {[%clk 00:04:16] [%emt 00:04:21]} 41. Kc2 {[%clk 00:45:24] [%emt 00:05:56]}
Bg5 {[%clk 00:54:18] [%emt 00:00:28]} 42. Reh1 {[%clk 00:42:57] [%emt 00:02:56]}
Qe7 {[%clk 00:51:59] [%emt 00:02:49]} 43. Kb1 {[%clk 00:36:33] [%emt 00:06:55]}
Bf4 {[%clk 00:51:12] [%emt 00:01:17]} 44. g5 {[%clk 00:33:06] [%emt 00:03:57]}
Qe6 {[%clk 00:50:19] [%emt 00:01:22]} 45. Nf6+ {[%clk 00:32:07] [%emt 00:01:29]}
Kf7 {[%clk 00:49:37] [%emt 00:01:11]} 46. Nxd5 {[%clk 00:31:57] [%emt 00:00:40]}
cxd5 {[%clk 00:50:01] [%emt 00:00:07]} 47. Rh8 {[%clk 00:31:58] [%emt 00:00:28]}
1-0

[Site "Europe Echecs"]

[Event "Grand Swiss "]
[Date "2025.09.09"]
[White "Indjic, Aleksandar"]
[Black "Najer, Evgeniy"]
[WhiteElo "2650"]
[BlackElo "2613"]
[Round "6.6.43"]
[Result "0-1"]

1. Nf3 {[%clk 01:40:01] [%emt 00:00:59]} d5 {[%clk 01:40:47] [%emt 00:00:14]} 2.
e3 {[%clk 01:40:22] [%emt 00:00:09]} c5 {[%clk 01:41:05] [%emt 00:00:12]} 3. b3
{[%clk 01:40:41] [%emt 00:00:11]} Nc6 {[%clk 01:41:23] [%emt 00:00:12]} 4. Bb5
{[%clk 01:40:53] [%emt 00:00:18]} f6 {[%clk 01:38:43] [%emt 00:03:11]} 5. c4
{[%clk 01:40:45] [%emt 00:00:38]} d4 {[%clk 01:38:21] [%emt 00:00:51]} 6. b4
{[%clk 01:41:09] [%emt 00:00:07]} e5 {[%clk 01:38:31] [%emt 00:00:20]} 7. d3
{[%clk 01:41:29] [%emt 00:00:10]} Bd7 {[%clk 01:37:17] [%emt 00:01:43]} 8. a3
{[%clk 01:37:01] [%emt 00:04:58]} a5 {[%clk 01:37:04] [%emt 00:00:44]} 9. exd4
{[%clk 01:35:43] [%emt 00:01:48]} cxd4 {[%clk 01:37:20] [%emt 00:00:14]} 10.
bxa5 {[%clk 01:36:00] [%emt 00:00:13]} Bd6 {[%clk 01:35:54] [%emt 00:01:55]} 11.
Nbd2 {[%clk 01:35:33] [%emt 00:00:57]} Nge7 {[%clk 01:35:47] [%emt 00:00:37]}
12. O-O {[%clk 01:31:25] [%emt 00:04:38]} O-O {[%clk 01:35:37] [%emt 00:00:40]}
13. a4 {[%clk 01:23:05] [%emt 00:08:50]} Kh8 {[%clk 01:24:07] [%emt 00:12:00]}
14. Ne4 {[%clk 01:04:52] [%emt 00:18:43]} Bb4 {[%clk 01:23:34] [%emt 00:01:03]}
15. Rb1 {[%clk 01:04:58] [%emt 00:00:24]} Qxa5 {[%clk 01:19:23] [%emt 00:04:40]}
16. h3 {[%clk 01:02:17] [%emt 00:03:11]} Qc7 {[%clk 01:05:04] [%emt 00:14:49]}
17. Bd2 {[%clk 00:57:36] [%emt 00:05:11]} Bxd2 {[%clk 00:57:31] [%emt 00:08:03]}
18. Qxd2 {[%clk 00:57:30] [%emt 00:00:35]} Ng6 {[%clk 00:56:45] [%emt 00:01:15]}
19. Rfe1 {[%clk 00:54:14] [%emt 00:03:46]} Nb8 {[%clk 00:47:45] [%emt 00:09:30]}
20. h4 {[%clk 00:54:25] [%emt 00:00:20]} Bf5 {[%clk 00:44:55] [%emt 00:03:20]}
21. g3 {[%clk 00:48:50] [%emt 00:06:05]} Nd7 {[%clk 00:41:33] [%emt 00:03:53]}
22. h5 {[%clk 00:48:57] [%emt 00:00:23]} Ne7 {[%clk 00:41:48] [%emt 00:00:15]}
23. h6 {[%clk 00:48:47] [%emt 00:00:40]} gxh6 {[%clk 00:31:39] [%emt 00:10:39]}
24. Bxd7 {[%clk 00:46:20] [%emt 00:02:57]} Bxd7 {[%clk 00:30:36] [%emt
00:01:33]} 25. Qxh6 {[%clk 00:46:43] [%emt 00:00:07]} Ng8 {[%clk 00:29:28] [%emt
00:01:38]} 26. Qh4 {[%clk 00:36:16] [%emt 00:10:56]} Bxa4 {[%clk 00:24:42] [%emt
00:05:16]} 27. Ra1 {[%clk 00:18:06] [%emt 00:18:42]} Bc6 {[%clk 00:23:20] [%emt
00:01:51]} 28. Rxa8 {[%clk 00:15:01] [%emt 00:03:35]} Rxa8 {[%clk 00:23:49]
[%emt 00:00:02]} 29. Qh5 {[%clk 00:15:17] [%emt 00:00:13]} Be8 {[%clk 00:18:06]
[%emt 00:06:12]} 30. Qh4 {[%clk 00:15:43] [%emt 00:00:05]} Bc6 {[%clk 00:18:31]
[%emt 00:00:05]} 31. Qh5 {[%clk 00:16:09] [%emt 00:00:04]} Be8 {[%clk 00:17:33]
[%emt 00:01:28]} 32. Qh4 {[%clk 00:16:14] [%emt 00:00:26]} Qg7 {[%clk 00:17:42]
[%emt 00:00:21]} 33. Rb1 {[%clk 00:11:53] [%emt 00:04:50]} Bc6 {[%clk 00:16:07]
[%emt 00:02:05]} 34. Qh3 {[%clk 00:11:05] [%emt 00:01:18]} Ra3 {[%clk 00:13:18]
[%emt 00:03:19]} 35. Nh4 {[%clk 00:10:42] [%emt 00:00:53]} Rxd3 {[%clk 00:08:28]
[%emt 00:05:19]} 36. Nd6 {[%clk 00:10:38] [%emt 00:00:34]} Ra3 {[%clk 00:08:09]
[%emt 00:00:49]} 37. Kh2 {[%clk 00:06:33] [%emt 00:04:35]} Ra2 {[%clk 00:07:30]
[%emt 00:01:08]} 38. Rf1 {[%clk 00:05:59] [%emt 00:01:04]} Nh6 {[%clk 00:04:05]
[%emt 00:03:55]} 39. Qc8+ {[%clk 00:02:48] [%emt 00:03:42]} Qg8 {[%clk 00:04:27]
[%emt 00:00:09]} 40. Qc7 {[%clk 00:03:08] [%emt 00:00:10]} Ra8 {[%clk 00:00:50]
[%emt 00:04:06]} 41. Nxb7 {[%clk 00:43:41] [%emt 00:09:57]} Qxc4 {[%clk
00:42:40] [%emt 00:08:40]} 0-1

[Site "Europe Echecs"]

[Event "Grand Swiss "]
[Date "2025.09.09"]
[White "Predke, Alexandr"]
[Black "Kollars, Dmitrij"]
[WhiteElo "2609"]
[BlackElo "2647"]
[Round "6.6.44"]
[Result "1-0"]

1. d4 {[%clk 01:40:16] [%emt 00:00:42]} Nf6 {[%clk 01:40:47] [%emt 00:00:14]} 2.
Nf3 {[%clk 01:40:40] [%emt 00:00:06]} e6 {[%clk 01:40:43] [%emt 00:00:34]} 3. c4
{[%clk 01:41:01] [%emt 00:00:09]} Bb4+ {[%clk 01:40:49] [%emt 00:00:25]} 4. Nbd2
{[%clk 01:40:53] [%emt 00:00:38]} d5 {[%clk 01:40:56] [%emt 00:00:23]} 5. e3
{[%clk 01:40:52] [%emt 00:00:31]} O-O {[%clk 01:40:19] [%emt 00:01:07]} 6. a3
{[%clk 01:41:15] [%emt 00:00:08]} Be7 {[%clk 01:39:27] [%emt 00:01:21]} 7. b3
{[%clk 01:41:36] [%emt 00:00:09]} b6 {[%clk 01:37:14] [%emt 00:02:44]} 8. Bb2
{[%clk 01:40:52] [%emt 00:01:13]} Bb7 {[%clk 01:35:58] [%emt 00:01:46]} 9. cxd5
{[%clk 01:40:55] [%emt 00:00:27]} exd5 {[%clk 01:33:10] [%emt 00:03:18]} 10. Bd3
{[%clk 01:41:18] [%emt 00:00:06]} Nbd7 {[%clk 01:29:16] [%emt 00:04:26]} 11. Qc2
{[%clk 01:41:39] [%emt 00:00:09]} Re8 {[%clk 01:23:42] [%emt 00:06:04]} 12. Ne5
{[%clk 01:35:31] [%emt 00:06:37]} c5 {[%clk 01:20:15] [%emt 00:03:57]} 13. O-O
{[%clk 01:34:23] [%emt 00:01:38]} cxd4 {[%clk 01:09:24] [%emt 00:11:21]} 14.
Nxd7 {[%clk 01:34:09] [%emt 00:00:45]} Qxd7 {[%clk 01:09:35] [%emt 00:00:19]}
15. Bf5 {[%clk 01:32:04] [%emt 00:02:34]} Qd6 {[%clk 01:03:07] [%emt 00:06:57]}
16. Bxd4 {[%clk 01:32:09] [%emt 00:00:25]} g6 {[%clk 01:02:24] [%emt 00:01:13]}
17. Bd3 {[%clk 01:31:28] [%emt 00:01:11]} Ne4 {[%clk 01:00:02] [%emt 00:02:53]}
18. Nf3 {[%clk 01:24:15] [%emt 00:07:43]} Rac8 {[%clk 00:50:06] [%emt 00:10:25]}
19. Qb2 {[%clk 01:24:21] [%emt 00:00:24]} Qe6 {[%clk 00:49:50] [%emt 00:00:46]}
20. h3 {[%clk 01:21:53] [%emt 00:02:57]} Nc5 {[%clk 00:44:34] [%emt 00:05:47]}
21. Bb5 {[%clk 01:21:04] [%emt 00:01:19]} Red8 {[%clk 00:44:34] [%emt 00:00:29]}
22. Ne5 {[%clk 01:06:53] [%emt 00:14:41]} f6 {[%clk 00:41:23] [%emt 00:03:42]}
23. Nd3 {[%clk 00:52:40] [%emt 00:14:42]} Qf7 {[%clk 00:38:33] [%emt 00:03:20]}
24. Nf4 {[%clk 00:48:09] [%emt 00:05:01]} g5 {[%clk 00:37:25] [%emt 00:01:38]}
25. Ne2 {[%clk 00:48:35] [%emt 00:00:04]} a6 {[%clk 00:37:31] [%emt 00:00:24]}
26. Bxc5 {[%clk 00:49:00] [%emt 00:00:05]} bxc5 {[%clk 00:37:48] [%emt
00:00:13]} 27. Bd3 {[%clk 00:49:27] [%emt 00:00:03]} f5 {[%clk 00:32:10] [%emt
00:06:09]} 28. Qc2 {[%clk 00:47:11] [%emt 00:02:46]} f4 {[%clk 00:30:22] [%emt
00:02:18]} 29. exf4 {[%clk 00:42:06] [%emt 00:05:34]} gxf4 {[%clk 00:30:24]
[%emt 00:00:29]} 30. Bf5 {[%clk 00:42:33] [%emt 00:00:03]} f3 {[%clk 00:23:21]
[%emt 00:07:33]} 31. Nf4 {[%clk 00:41:18] [%emt 00:01:46]} Rc6 {[%clk 00:22:41]
[%emt 00:01:10]} 32. Rfe1 {[%clk 00:41:12] [%emt 00:00:36]} Bf6 {[%clk 00:12:52]
[%emt 00:10:19]} 33. Rad1 {[%clk 00:34:53] [%emt 00:06:48]} Rdd6 {[%clk
00:12:15] [%emt 00:01:07]} 34. Rd3 {[%clk 00:33:07] [%emt 00:02:17]} fxg2 {[%clk
00:09:46] [%emt 00:02:58]} 35. Bxh7+ {[%clk 00:30:43] [%emt 00:02:54]} Kf8
{[%clk 00:04:30] [%emt 00:05:46]} 36. Bg6 {[%clk 00:27:22] [%emt 00:03:51]} Qd7
{[%clk 00:04:34] [%emt 00:00:27]} 37. Rde3 {[%clk 00:21:57] [%emt 00:05:54]} Kg7
{[%clk 00:02:36] [%emt 00:02:28]} 38. Be8 {[%clk 00:21:50] [%emt 00:00:38]} 1-0

[Site "Europe Echecs"]